Modified hydraulic clutch bleeder (Record no. 1424)

MARC details
000 -LEADER
fixed length control field 03133nam a22002777a 4500
005 - DATE AND TIME OF LATEST TRANSACTION
control field 20220117113857.0
008 - FIXED-LENGTH DATA ELEMENTS--GENERAL INFORMATION
fixed length control field 191009b ||||| |||| 00| 0 eng d
041 ## - LANGUAGE CODE
Language code of text/sound track or separate title eng
043 ## - GEOGRAPHIC AREA CODE
Geographic area code a-ph---
050 10 - LIBRARY OF CONGRESS CALL NUMBER
Classification number TJ857
Item number .M72 2018
245 ## - TITLE STATEMENT
Title <a href="Modified hydraulic clutch bleeder">Modified hydraulic clutch bleeder</a>
Statement of responsibility, etc Ryan O. Sta. Maria... [et. al]
260 ## - PUBLICATION, DISTRIBUTION, ETC. (IMPRINT)
Date of publication, distribution, etc November 2018
300 ## - PHYSICAL DESCRIPTION
Extent xi, 67 leaves :
Other physical details illustrations ;
Dimensions 28 cm
336 ## - CONTENT TYPE
Source rda content
Content type term text
337 ## - MEDIA TYPE
Source rda media
Media type term unmediated
338 ## - CARRIER TYPE
Source rda carrier
Carrier type term volume
502 ## - DISSERTATION NOTE
Dissertation note Thesis
Degree type Bachelor of Technology major in Automotive Technology
Name of granting institution University of Rizal System-Morong
Year degree granted 2018
520 ## - SUMMARY, ETC.
Summary, etc EXECUTIVE SUMMARY: The study was aimed to design and construct a modified hydraulic clutch bleeder. Also, it determined the usefulness, durability, safety and maintenance and functionality of the modified hydraulic clutch bleeder. It was conducted at the university of rizal system morong campus during the school year 2017-2018. Descriptive research was used to gather data. A researcher-made questionnaire checklist evaluated the usefulness, durability, safety and maintenance and functionality of the modified hydraulic clutch bleeder. Content validation was employed to validate the instrument. The respondents of this project were ten (10) experts who were automotive instructors and twenty (20) end-users who were students from automotive technology. The respondents successfully ranked each corresponding items based on the validated criteria as to usefulness, durability, safety and maintenance and functionality. Based from the testing and revision made and from the evaluation of the complete project, the modified hydraulic clutch bleeder was constructed and developed out of locally available materials. On the try-out and revisions, the modified hydraulic clutch system was tested. Different troubles found during the operation were discovered. And through try-out and revisions the project attained its functional output reached some of the equipment objectives. On the level of acceptability of the project as evaluated by the experts and end-users in terms of usefulness, durability, safety and maintenance and functionality the device verbally interpreted as, very much accepted. Based on the summary of findings, it concluded that, there is no significant difference between the evaluation the evaluation made by the experts and the end-users on the acceptability of developed modified hydraulic clutch bleeder in terms of different variables, usefulness, durability, safety and maintenance and functionality. It was also recommended that further study should be conducted to improve the project. Other researchers should be conducted to improve the project. Other researchers should consider other variables. And the school administration should take the initiate in setting the use of researchers output
650 #0 - SUBJECT ADDED ENTRY--TOPICAL TERM
Topical term or geographic name as entry element Hydraulics.
650 #0 - SUBJECT ADDED ENTRY--TOPICAL TERM
Topical term or geographic name as entry element Hydraulic sevomechanisms.
700 ## - ADDED ENTRY--PERSONAL NAME
Personal name Mabini, Jiebie C.
Relator term author
700 ## - ADDED ENTRY--PERSONAL NAME
Personal name Nazol, Brix D.
Relator term author
700 ## - ADDED ENTRY--PERSONAL NAME
Personal name Ompangco, Whinzel A.
Relator term author
700 ## - ADDED ENTRY--PERSONAL NAME
Personal name De Lemon, Reynaldo F.
Relator term degree supervisor
942 ## - ADDED ENTRY ELEMENTS (KOHA)
Source of classification or shelving scheme Library of Congress Classification
Koha item type Theses and dissertations
Holdings
Withdrawn status Source of classification or shelving scheme Damaged status Not for loan Collection code Home library Current library Date acquired Total Checkouts Full call number Barcode Date last seen Copy number Price effective from Koha item type
  Library of Congress Classification     Reference Morong College Library Morong College Library 10/09/2019   TJ857 .M72 2018 URSMOR-CL-005403 10/09/2019 1 09/16/2020 Theses and dissertations

University of Rizal System
Email us at univlibservices@urs.edu.ph

Visit our Website www.urs.edu.ph/library